[Event "Heraklion Gazi op 11th"]
[Site "Heraklion"]
[Date "2015.07.28"]
[Round "5"]
[White "Tsilidis, Alexandros"]
[Black "Bras, Emanouel"]
[Result "0-1"]
[WhiteElo "2257"]
[BlackElo "1997"]
[PlyCount "130"]
[EventDate "2015.07.25"]
[EventType "swiss"]
[EventRounds "9"]
[EventCountry "GRE"]
[SourceTitle "CBM 167 Extra"]
[Source "ChessBase"]
[SourceDate "2015.09.14"]
[SourceVersion "1"]
[SourceVersionDate "2015.09.14"]
[SourceQuality "1"]

1. e4 c6 2. d4 d5 3. Nc3 dxe4 4. Nxe4 Bf5 5. Ng3 Bg6 6. h4 h6 7. h5 Bh7 8. Bc4 e6 9. N1e2 Bd6 10. Bf4 Nf6 11. Qd2 Qc7 12. 0-0-0 Nbd7 13. Bxd6 Qxd6 14. Qf4 Qxf4+ 15. Nxf4 Nb6 16. Bb3 Nbd5 17. Nge2 0-0 18. c4 Nxf4 19. Nxf4 Ne4 20. Rhf1 Rfd8 21. g4 Nd6 22. f3 b5 23. c5 Nc4 24. Bxc4 bxc4 25. Rf2 Rab8 26. Re2 Rb7 27. Ng2 Bd3 28. Red2 Rxd4 29. Ne1 Rb5 30. Nxd3 cxd3 31. Rxd3 Rxc5+ 32. Kb1 Rdd5 33. b3 Kf8 34. Kb2 Ke7 35. a4 Kf6 36. Rxd5 cxd5 37. b4 Rc4 38. Kb3 Ke5 39. Rd3 Kd6 40. Rd1 Rc7 41. b5 Rc4 42. a5 Kc5 43. b6 axb6 44. a6 Rb4+ 45. Ka3 Kb5 46. Rc1 Rf4 47. a7 Ra4+ 48. Kb3 Rxa7 49. Rc8 Re7 50. f4 f6 51. Rd8 Kc5 52. Rc8+ Kd6 53. Kb4 e5 54. fxe5+ fxe5 55. Rd8+ Kc6 56. Rc8+ Kd7 57. Rc1 e4 58. Kc3 Kd6 59. Kd4 Rc7 60. Rb1 Rc4+ 61. Ke3 Ke5 62. Rxb6 d4+ 63. Kd2 Rc7 64. Rb5+ Kf4 65. Rd5 Rc4 0-1

[Event "Vladivostok Meridian op rap"]
[Site "Vladivostok"]
[Date "2014.07.19"]
[Round "7"]
[White "Rychkov, Oleg"]
[Black "Tsilidis, Alexandros"]
[Result "1-0"]
[WhiteElo "2333"]
[BlackElo "2257"]
[PlyCount "135"]
[EventDate "2014.07.18"]
[EventType "swiss (rapid)"]
[EventRounds "11"]
[EventCountry "RUS"]
[SourceTitle "CBM 161 Extra"]
[Source "ChessBase"]
[SourceDate "2014.08.29"]
[SourceVersion "1"]
[SourceVersionDate "2014.08.29"]
[SourceQuality "1"]

1. e4 g6 2. d4 Bg7 3. Ne2 d6 4. h3 Nf6 5. Nbc3 c5 6. g4 cxd4 7. Nxd4 Nc6 8. Be3 d5 9. Bg2 dxe4 10. Nxc6 Qxd1+ 11. Rxd1 bxc6 12. Nxe4 Nd5 13. Bd4 0-0 14. Bxg7 Kxg7 15. Nc5 Rb8 16. b3 Nb4 17. c3 Na6 18. Nd7 Bxd7 19. Rxd7 Nc5 20. Rxe7 Rfe8 21. Rxe8 Rxe8+ 22. Kd2 Re6 23. Re1 Rf6 24. g5 Rxf2+ 25. Re2 Rf5 26. h4 Rf4 27. Bxc6 Rxh4 28. Bd5 Kf8 29. Rf2 Ne4+ 30. Bxe4 Rxe4 31. Rg2 Ke7 32. Kd3 Rh4 33. c4 f5 34. gxf6+ Kxf6 35. Re2 g5 36. c5 Rh1 37. Kc2 Kf7 38. b4 Rh6 39. b5 Re6 40. Rh2 h6 41. Kd3 Ke7 42. Kd4 g4 43. Kd5 g3 44. Rg2 Rg6 45. a4 h5 46. Ke4 h4 47. Kf3 Rh6 48. Re2+ Re6 49. Rd2 Re5 50. c6 Rc5 51. Rd7+ Kf6 52. c7 Rc3+ 53. Kg2 Kg5 54. a5 Kg4 55. Rd4+ Kg5 56. b6 Rc2+ 57. Kf3 axb6 58. axb6 Rc3+ 59. Ke4 g2 60. Rd1 h3 61. b7 h2 62. c8Q Rxc8 63. bxc8Q h1Q 64. Qg8+ Kf6 65. Rd6+ Ke7 66. Qe6+ Kf8 67. Rd8+ Kg7 68. Rg8+ 1-0

[Event "Heraklion Gazi op 9th"]
[Site "Heraklion"]
[Date "2013.08.02"]
[Round "8"]
[White "Mastrovasilis, Athanasios"]
[Black "Tsilidis, Alexandros"]
[Result "1-0"]
[WhiteElo "2523"]
[BlackElo "2254"]
[PlyCount "107"]
[EventDate "2013.07.27"]
[EventType "swiss"]
[EventRounds "9"]
[EventCountry "GRE"]
[SourceTitle "CBM 155 Extra"]
[Source "ChessBase"]
[SourceDate "2013.08.26"]
[SourceVersion "1"]
[SourceVersionDate "2013.08.26"]
[SourceQuality "1"]

1. d4 d5 2. c4 e6 3. Nf3 Nf6 4. g3 c6 5. Bg2 Bd6 6. 0-0 Nbd7 7. Nc3 0-0 8. Nd2 dxc4 9. Nxc4 Bc7 10. b3 Nb6 11. Ba3 Re8 12. e4 e5 13. Nxe5 Bxe5 14. dxe5 Qxd1 15. Rfxd1 Rxe5 16. h3 Re8 17. f4 Nh5 18. Kh2 g6 19. Rd6 Ng7 20. g4 f5 21. gxf5 gxf5 22. Rg1 Be6 23. Bf3 Kf7 24. Bb2 Rad8 25. Rxd8 Rxd8 26. Nd5 cxd5 27. Rxg7+ Kf8 28. exf5 Bxf5 29. Bd4 Be4 30. Bg4 Rb8 31. Be6 Re8 32. f5 Rxe6 33. fxe6 Bg6 34. Rxb7 Ke8 35. Bf6 Kf8 36. Bd4 Ke8 37. Rxa7 Nc8 38. Ra8 Kd8 39. Bb6+ Ke7 40. Rxc8 Kxe6 41. a4 Ke5 42. a5 Bd3 43. Ra8 Kd6 44. a6 Kc6 45. Bd4 Bxa6 46. Rxa6+ Kb5 47. Rb6+ Ka5 48. Rb8 h5 49. b4+ Ka6 50. b5+ Ka5 51. b6 Kb5 52. Rc8 Ka6 53. Rc7 h4 54. b7 1-0

[Event "Heraklion Gazi op 9th"]
[Site "Heraklion"]
[Date "2013.07.31"]
[Round "6"]
[White "Tsilidis, Alexandros"]
[Black "Fragiadakis, Dimitrios"]
[Result "1-0"]
[WhiteElo "2254"]
[BlackElo "1947"]
[PlyCount "67"]
[EventDate "2013.07.27"]
[EventType "swiss"]
[EventRounds "9"]
[EventCountry "GRE"]
[SourceTitle "CBM 155 Extra"]
[Source "ChessBase"]
[SourceDate "2013.08.26"]
[SourceVersion "1"]
[SourceVersionDate "2013.08.26"]
[SourceQuality "1"]

1. c4 Nf6 2. Nc3 g6 3. g3 Bg7 4. Bg2 0-0 5. e4 e5 6. Nge2 Nc6 7. d3 d6 8. 0-0 Nh5 9. Be3 f5 10. f4 Nf6 11. h3 Bd7 12. Nd5 Qc8 13. Kh2 Kh8 14. Qd2 Rf7 15. Nxf6 Rxf6 16. Nc3 Nd4 17. Rf2 c6 18. Raf1 Qc7 19. Ne2 Nxe2 20. Rxe2 Raf8 21. Ref2 c5 22. b4 cxb4 23. Qxb4 b6 24. a4 Bh6 25. fxe5 Bxe3 26. exf6 Bxf2 27. Rxf2 Qc5 28. Qb2 Qe5 29. Qxe5 dxe5 30. d4 Rxf6 31. dxe5 Rc6 32. exf5 Rxc4 33. e6 Be8 34. f6 1-0

[Event "Heraklion Gazi op 9th"]
[Site "Heraklion"]
[Date "2013.07.29"]
[Round "4"]
[White "Tsilidis, Alexandros"]
[Black "Kelires, Andreas"]
[Result "1/2-1/2"]
[WhiteElo "2254"]
[BlackElo "2087"]
[PlyCount "131"]
[EventDate "2013.07.27"]
[EventType "swiss"]
[EventRounds "9"]
[EventCountry "GRE"]
[SourceTitle "CBM 155 Extra"]
[Source "ChessBase"]
[SourceDate "2013.08.26"]
[SourceVersion "1"]
[SourceVersionDate "2013.08.26"]
[SourceQuality "1"]

1. e4 c5 2. Nf3 d6 3. d4 cxd4 4. Nxd4 Nf6 5. Nc3 a6 6. Bc4 e6 7. Bb3 b5 8. 0-0 Be7 9. f4 0-0 10. e5 dxe5 11. fxe5 Nfd7 12. Be3 Nxe5 13. Qh5 Nbc6 14. Rad1 Qc7 15. Nxc6 Nxc6 16. Bf4 Qb6+ 17. Kh1 b4 18. Ne4 Qb5 19. Qf3 Bb7 20. Nd6 Bxd6 21. Bxd6 Nd4 22. Qf2 Nf5 23. Bxf8 Rxf8 24. Kg1 g6 25. Rd2 Qc6 26. Rfd1 h5 27. Rd3 a5 28. c3 Ba6 29. Rf3 Bb7 30. Bc2 Qc7 31. Rf4 bxc3 32. b3 Qe7 33. Rc4 Rd8 34. Rxc3 Rxd1+ 35. Bxd1 Qf6 36. Rd3 Be4 37. Rd2 Qg5 38. Bc2 Bxc2 39. Rxc2 h4 40. Qd2 Qf6 41. Rc4 Kh7 42. Re4 h3 43. g3 Qe7 44. Qxa5 Qb7 45. Qe1 Kg7 46. Qc3+ Kh7 47. Qf3 Kg7 48. Rf4 Qe7 49. g4 e5 50. Rc4 Qa7+ 51. Qf2 Nd4 52. Kf1 Qb7 53. Rxd4 exd4 54. Qxd4+ Kh7 55. Qf4 Kg7 56. Qg3 Qh1+ 57. Kf2 Qa1 58. Qxh3 Qxa2+ 59. Kg1 Qb1+ 60. Kf2 Qc2+ 61. Ke1 Qc1+ 62. Kf2 Qd2+ 63. Kg3 Qe3+ 64. Kg2 Qe2+ 65. Kg1 Qd1+ 66. Kf2 1/2-1/2

[Event "Heraklion Gazi op 9th"]
[Site "Heraklion"]
[Date "2013.07.28"]
[Round "2"]
[White "Tsilidis, Alexandros"]
[Black "Stefanatos, Nikolaos"]
[Result "1-0"]
[WhiteElo "2254"]
[BlackElo "1900"]
[PlyCount "83"]
[EventDate "2013.07.27"]
[EventType "swiss"]
[EventRounds "9"]
[EventCountry "GRE"]
[SourceTitle "CBM 155 Extra"]
[Source "ChessBase"]
[SourceDate "2013.08.26"]
[SourceVersion "1"]
[SourceVersionDate "2013.08.26"]
[SourceQuality "1"]

1. d4 Nf6 2. c4 e6 3. Nc3 Bb4 4. e3 d5 5. Bd3 0-0 6. Nf3 c5 7. 0-0 Nc6 8. a3 cxd4 9. exd4 Bxc3 10. bxc3 Qc7 11. Qe2 h6 12. Ne5 Nxe5 13. dxe5 Nd7 14. cxd5 exd5 15. Bxh6 Qxe5 16. Be3 Qxc3 17. Rfd1 Qe5 18. Qd2 f5 19. Bf4 Qf6 20. Re1 Nc5 21. Be5 Qg6 22. Re3 Qh6 23. Bc2 Be6 24. Bxg7 Kxg7 25. Rg3+ Kh7 26. Rh3 Qxh3 27. gxh3 Rg8+ 28. Kf1 Ne4 29. Qd4 Rg6 30. f3 Ng5 31. Ke2 Rc8 32. Bd3 b6 33. Rg1 Rcg8 34. Rg3 R8g7 35. h4 Nf7 36. Qf4 Bd7 37. Bxf5 Bxf5 38. Qxf5 Nh6 39. Qd3 Re7+ 40. Kf2 Ree6 41. Rxg6 Rxg6 42. h5 1-0

[Event "Vladivostok Russian Cup"]
[Site "Vladivostok"]
[Date "2012.09.23"]
[Round "7"]
[White "Demianjuk, Alexander"]
[Black "Tsilidis, Alexandros"]
[Result "1-0"]
[WhiteElo "2324"]
[BlackElo "2259"]
[PlyCount "125"]
[EventDate "2012.09.17"]
[EventType "swiss"]
[EventRounds "9"]
[EventCountry "RUS"]
[SourceTitle "CBM 150 Extra"]
[Source "ChessBase"]
[SourceDate "2012.10.19"]
[SourceVersion "1"]
[SourceVersionDate "2012.10.19"]
[SourceQuality "1"]

1. d4 d5 2. c4 e6 3. Nf3 Nf6 4. g3 Bb4+ 5. Bd2 Bxd2+ 6. Nbxd2 0-0 7. Bg2 b6 8. cxd5 exd5 9. 0-0 Bb7 10. Ne5 Nbd7 11. Nd3 c5 12. Nf4 c4 13. Nxc4 g5 14. Nh3 Ne4 15. Nd2 f5 16. Nxe4 dxe4 17. Qb3+ Kg7 18. Rac1 h6 19. e3 Nf6 20. Kh1 Nd5 21. Ng1 a5 22. a3 Qd7 23. Ne2 Ba6 24. Rfe1 a4 25. Qc2 Bd3 26. Qc6 Qf7 27. Nc3 Nxc3 28. Rxc3 Rac8 29. Qxa4 Rxc3 30. bxc3 Qa2 31. Kg1 Qd2 32. Rd1 Qxc3 33. Bf1 b5 34. Qb4 Qxb4 35. axb4 Bxf1 36. Kxf1 Ra8 37. d5 Kf7 38. h3 Ke7 39. d6+ Ke6 40. g4 f4 41. d7 Rd8 42. Rd4 fxe3 43. fxe3 Rxd7 44. Rxe4+ Kf6 45. Rd4 Re7 46. Rd6+ Ke5 47. Rxh6 Kd5 48. Rh5 Rxe3 49. Rxg5+ Kc4 50. h4 Kxb4 51. h5 Rh3 52. Kg2 Rh4 53. Kg3 Rh1 54. Rg8 Kc3 55. Rc8+ Kd3 56. Rb8 Kc4 57. Kf4 b4 58. Kg5 b3 59. Kh6 Kc3 60. g5 b2 61. g6 Ra1 62. g7 Ra7 63. Kh7 1-0

[Event "Vladivostok Russian Cup"]
[Site "Vladivostok"]
[Date "2012.09.17"]
[Round "1"]
[White "Timofeev, Artyom"]
[Black "Tsilidis, Alexandros"]
[Result "1-0"]
[WhiteElo "2640"]
[BlackElo "2259"]
[PlyCount "67"]
[EventDate "2012.09.17"]
[EventType "swiss"]
[EventRounds "9"]
[EventCountry "RUS"]
[SourceTitle "CBM 150 Extra"]
[Source "ChessBase"]
[SourceDate "2012.10.19"]
[SourceVersion "1"]
[SourceVersionDate "2012.10.19"]
[SourceQuality "1"]

1. d4 g6 2. c4 f5 3. Nf3 Nf6 4. g3 Bg7 5. Bg2 0-0 6. 0-0 d6 7. Nc3 Nc6 8. d5 Ne5 9. Nxe5 dxe5 10. c5 h6 11. Qb3 Kh8 12. Rd1 g5 13. Bd2 e4 14. Rac1 a6 15. Qa3 Ng4 16. Be1 Be5 17. Na4 Qe8 18. Bc3 Bxc3 19. Qxc3+ Nf6 20. b3 Kh7 21. Qe5 Qd8 22. d6 cxd6 23. cxd6 exd6 24. Rxd6 Nd7 25. Qd5 Rf6 26. Rxf6 Qxf6 27. Rxc8 Qa1+ 28. Bf1 Rxc8 29. Qxd7+ Kg6 30. Qxc8 Qxa2 31. Qe6+ Kg7 32. Nc5 Qd2 33. Nd7 Qd4 34. Ne5 1-0

[Event "Gazi op 8th"]
[Site "Gazi"]
[Date "2012.08.11"]
[Round "9"]
[White "Tsilidis, Alexandros"]
[Black "Sethuraman, SP."]
[Result "0-1"]
[WhiteElo "2247"]
[BlackElo "2546"]
[PlyCount "66"]
[EventDate "2012.08.04"]
[EventType "swiss"]
[EventRounds "9"]
[EventCountry "GRE"]
[SourceTitle "EXT 2024"]
[Source "ChessBase"]
[SourceDate "2023.10.10"]
[SourceVersion "1"]
[SourceVersionDate "2023.10.10"]
[SourceQuality "1"]

1. d4 Nf6 2. c4 e6 3. g3 c5 4. d5 exd5 5. cxd5 d6 6. Bg2 g6 7. Nf3 Bg7 8. Nc3 0-0 9. 0-0 Re8 10. Nd2 a6 11. a4 Nbd7 12. Nc4 Ne5 13. Nxe5 Rxe5 14. h3 Rb8 15. Bf4 Re8 16. a5 b6 17. axb6 Rxb6 18. Qc1 Bf5 19. g4 Be4 20. f3 Bxd5 21. g5 Nh5 22. Nxd5 Bxb2 23. Qd2 Bd4+ 24. Kh1 Rb2 25. Qd3 Nxf4 26. Nxf4 Qxg5 27. e3 Rxe3 28. Qxa6 Qxf4 29. Qc8+ Kg7 30. Ra8 Kh6 31. Qf8+ Bg7 32. Qd8 Be5 33. Qf8+ Kh5 0-1

[Event "Gazi op 8th"]
[Site "Gazi"]
[Date "2012.08.05"]
[Round "3"]
[White "Tsilidis, Alexandros"]
[Black "Papaioannou, Ioannis"]
[Result "0-1"]
[WhiteElo "2247"]
[BlackElo "2606"]
[PlyCount "120"]
[EventDate "2012.08.04"]
[EventType "swiss"]
[EventRounds "9"]
[EventCountry "GRE"]
[SourceTitle "EXT 2024"]
[Source "ChessBase"]
[SourceDate "2023.10.10"]
[SourceVersion "1"]
[SourceVersionDate "2023.10.10"]
[SourceQuality "1"]

1. c4 Nf6 2. Nf3 e6 3. g3 a6 4. Bg2 b5 5. b3 c5 6. 0-0 Bb7 7. Bb2 Be7 8. d3 0-0 9. e4 d6 10. Nc3 Qb6 11. Ng5 Nc6 12. f4 Nd4 13. Nh3 a5 14. cxb5 Nxb5 15. Nxb5 Qxb5 16. g4 Nd7 17. g5 Rfe8 18. Nf2 d5 19. Ng4 d4 20. e5 Bxg2 21. Kxg2 Qb7+ 22. Rf3 a4 23. Kg1 axb3 24. a3 c4 25. Bxd4 c3 26. Bxc3 Rec8 27. d4 Rxa3 28. Rb1 Qe4 29. Nf2 Qc2 30. Bb2 Ra2 31. Rxb3 Qf5 32. Rc1 Rxc1 33. Qxc1 Nf8 34. Rb8 h6 35. h4 Kh7 36. Qc7 Ng6 37. Qc4 Qb1+ 38. Bc1 Qc2 39. Qxc2 Rxc2 40. Be3 Nxh4 41. gxh6 gxh6 42. Rb3 Nf5 43. Kf1 h5 44. Ne4 Kg6 45. Bf2 h4 46. Rb8 Kg7 47. Rb3 Rc1+ 48. Kg2 Rd1 49. Rh3 Kg6 50. Nc3 Rd2 51. Ne4 Rb2 52. Rd3 Kh5 53. d5 exd5 54. Nd6 Kg4 55. Nxf5 Kxf5 56. Rxd5 Kg4 57. e6 fxe6 58. Re5 h3+ 59. Kg1 h2+ 60. Kh1 Rxf2 0-1

[Event "Anogia op 1st"]
[Site "Anogia"]
[Date "2012.08.01"]
[Round "4"]
[White "Tsilidis, Alexandros"]
[Black "Kolomvakis, Stelios"]
[Result "1-0"]
[WhiteElo "2247"]
[BlackElo "1809"]
[PlyCount "83"]
[EventDate "2012.07.30"]
[EventType "swiss"]
[EventRounds "7"]
[EventCountry "GRE"]
[SourceTitle "EXT 2013"]
[Source "ChessBase"]
[SourceDate "2012.11.22"]
[SourceVersion "1"]
[SourceVersionDate "2012.11.22"]
[SourceQuality "1"]

1. c4 c6 2. e4 e5 3. Nf3 d6 4. Nc3 Nf6 5. d4 exd4 6. Nxd4 Be7 7. Be2 0-0 8. 0-0 Nbd7 9. Nf5 Nb6 10. Nxe7+ Qxe7 11. f3 Be6 12. b3 Rad8 13. Ba3 Bc8 14. Qd4 Rfe8 15. Rad1 c5 16. Qd2 a6 17. Bb2 h6 18. a4 Na8 19. a5 Nc7 20. Na4 Ne6 21. Nb6 Nh7 22. Nxc8 Rxc8 23. Qxd6 Qg5 24. f4 Qh4 25. g3 Qh3 26. Qd5 Rcd8 27. Qh5 Qxh5 28. Bxh5 Nd4 29. Bxd4 cxd4 30. Bf3 Nf8 31. e5 Ne6 32. Bxb7 Nc5 33. Bc6 Re6 34. Bd5 Nxb3 35. Rd3 Nxa5 36. Ra1 Nc6 37. Bxe6 fxe6 38. Rxa6 Nb4 39. Rd6 Rxd6 40. exd6 Nc6 41. Kf2 Kf7 42. Kf3 1-0

[Event "Heraklion SOI op 4th"]
[Site "Heraklion"]
[Date "2012.01.08"]
[Round "7"]
[White "Tsilidis, Alexandros"]
[Black "Lyrakis, Stavros"]
[Result "1-0"]
[WhiteElo "2244"]
[BlackElo "1942"]
[PlyCount "73"]
[EventDate "2012.01.04"]
[EventType "swiss"]
[EventRounds "7"]
[EventCountry "GRE"]
[SourceTitle "EXT 2024"]
[Source "ChessBase"]
[SourceDate "2023.10.10"]
[SourceVersion "1"]
[SourceVersionDate "2023.10.10"]
[SourceQuality "1"]

1. e4 c5 2. Nf3 d6 3. d4 cxd4 4. Nxd4 Nf6 5. Nc3 g6 6. Be3 Bg7 7. Bc4 0-0 8. h3 Nc6 9. Bb3 Bd7 10. 0-0 Rc8 11. f4 Qa5 12. Qd3 a6 13. a3 Qh5 14. Rf3 e5 15. Nxc6 Bxc6 16. f5 Qh4 17. Bf2 Qh6 18. Rf1 Kh8 19. g4 gxf5 20. Rxf5 Bd7 21. Rf3 Be6 22. Be3 Qg6 23. Bxe6 fxe6 24. Qxd6 Rfe8 25. Qb4 b5 26. Bc5 Nd7 27. Bf2 Rc4 28. Qd6 Nf6 29. Bh4 Rd4 30. Qxe5 Ng8 31. Qg5 Qxg5 32. Bxg5 b4 33. axb4 Rxb4 34. b3 Bxc3 35. Rxc3 Rxe4 36. Rc7 h6 37. Rff7 1-0

[Event "Heraklion 3rd op A"]
[Site "Heraklion"]
[Date "2011.09.09"]
[Round "5"]
[White "Milonakis, Georgios"]
[Black "Tsilidis, Alexandros"]
[Result "1-0"]
[WhiteElo "2172"]
[BlackElo "2256"]
[PlyCount "103"]
[EventDate "2011.09.06"]
[EventType "swiss"]
[EventRounds "7"]
[EventCountry "GRE"]
[SourceTitle "EXT 2024"]
[Source "ChessBase"]
[SourceDate "2023.10.10"]
[SourceVersion "1"]
[SourceVersionDate "2023.10.10"]
[SourceQuality "1"]

1. e4 e5 2. Nf3 Nc6 3. Bb5 a6 4. Ba4 Nf6 5. 0-0 Be7 6. Re1 b5 7. Bb3 d6 8. c3 0-0 9. h3 h6 10. d4 Re8 11. Nbd2 Bf8 12. Bc2 g6 13. Nf1 Nh5 14. Ne3 Nf4 15. Nd5 g5 16. Bxf4 gxf4 17. dxe5 dxe5 18. Nh2 Re6 19. Qh5 Rg6 20. Nf3 Bg7 21. Rad1 Rd6 22. Rd2 Be6 23. Red1 Rc8 24. Kh2 Rd7 25. Bb3 Qe8 26. Qh4 Bxd5 27. Bxd5 Nb8 28. Bc6 Rxd2 29. Bxe8 Rxd1 30. Qe7 Rcd8 31. Bxf7+ Kh8 32. Bd5 Rf8 33. Qxc7 Rxd5 34. exd5 e4 35. Nd4 f3 36. Ne6 Nd7 37. Nxg7 e3 38. Qa7 e2 39. Qe3 Kxg7 40. gxf3 Nf6 41. Qxe2 Nxd5 42. Qe5+ Nf6 43. Qd4 Re8 44. Qa7+ Kg6 45. Qxa6 Re5 46. c4 Re2 47. cxb5 Rxf2+ 48. Kg1 Rxb2 49. b6 Rb1+ 50. Kf2 Rb2+ 51. Ke1 Kg5 52. b7 1-0

[Event "Heraklion op 7th"]
[Site "Heraklion"]
[Date "2011.08.08"]
[Round "4"]
[White "Kharitonov, Alexandr"]
[Black "Tsilidis, Alexandros"]
[Result "1-0"]
[WhiteElo "2539"]
[BlackElo "2278"]
[PlyCount "82"]
[EventDate "2011.08.06"]
[EventType "swiss"]
[EventRounds "9"]
[EventCountry "GRE"]
[SourceTitle "CBM 144 Extra"]
[Source "ChessBase"]
[SourceDate "2011.10.28"]
[SourceVersion "1"]
[SourceVersionDate "2011.10.28"]
[SourceQuality "1"]

1. d4 f5 2. g3 Nf6 3. Bg2 g6 4. c3 Bg7 5. Qb3 c6 6. Nd2 d5 7. Nh3 Nbd7 8. Nf4 Nf8 9. Nf3 N6d7 10. Nd3 Qb6 11. Qc2 Nf6 12. Bf4 Be6 13. a4 N8d7 14. a5 Qd8 15. Nfe5 Nxe5 16. Bxe5 b6 17. h4 0-0 18. Bf3 h5 19. 0-0 Ng4 20. Nf4 Bf7 21. Bxg4 hxg4 22. Bxg7 Kxg7 23. axb6 axb6 24. Rxa8 Qxa8 25. Qd2 Re8 26. Nd3 c5 27. Ne5 Qb8 28. Ra1 Qd6 29. Ra7 cxd4 30. cxd4 Qf6 31. Rb7 Rd8 32. Qg5 Qxg5 33. hxg5 Re8 34. Rxb6 Rc8 35. Rb7 Kf8 36. b4 Rc1+ 37. Kg2 Rb1 38. e3 Be8 39. Rb8 e6 40. Nxg6+ Kg7 41. Rxe8 Kxg6 1-0

[Event "Heraklion op 7th"]
[Site "Heraklion"]
[Date "2011.08.07"]
[Round "2"]
[White "Tsilidis, Alexandros"]
[Black "Emmanouilidis, Kostas"]
[Result "1-0"]
[WhiteElo "2278"]
[BlackElo "1985"]
[PlyCount "120"]
[EventDate "2011.08.06"]
[EventType "swiss"]
[EventRounds "9"]
[EventCountry "GRE"]
[SourceTitle "CBM 144 Extra"]
[Source "ChessBase"]
[SourceDate "2011.10.28"]
[SourceVersion "1"]
[SourceVersionDate "2011.10.28"]
[SourceQuality "1"]

1. e4 e6 2. d4 b6 3. Bd3 Bb7 4. Nf3 c5 5. 0-0 c4 6. Bxc4 Bxe4 7. Nc3 Bxf3 8. Qxf3 Nc6 9. d5 Ne5 10. Qe2 Nxc4 11. Qxc4 Nf6 12. Bf4 Rc8 13. Qa4 Rxc3 14. bxc3 Nxd5 15. Bg3 a5 16. c4 Nc3 17. Qb3 Ne2+ 18. Kh1 Bc5 19. Be5 f6 20. Bb2 Qe7 21. Rad1 e5 22. Rfe1 Nf4 23. Bd4 0-0 24. Qb5 Rc8 25. Bxc5 Qxc5 26. Qxc5 Rxc5 27. Rxd7 Rxc4 28. g3 Ne6 29. f4 e4 30. Rd6 Nc5 31. Re2 Na4 32. f5 h6 33. Re6 Nc3 34. Rd2 Rc5 35. Rd8+ Kh7 36. Kg2 Rxf5 37. Rc8 Nxa2 38. Rxe4 Nb4 39. Rc7 Nd5 40. Rb7 Kg6 41. c4 Nc3 42. Ree7 Rc5 43. Rxg7+ Kf5 44. Rxb6 Ke5 45. Rh7 Kd4 46. Rxf6 Kxc4 47. Rfxh6 a4 48. Rh5 Rc8 49. Ra7 Kb3 50. Rha5 Rb8 51. h4 Rb4 52. h5 Nb5 53. Rb7 Nd6 54. Rxb4+ Kxb4 55. Ra6 Nf7 56. Ra7 Nh6 57. Kf3 a3 58. g4 Kb3 59. g5 Nf5 60. h6 a2 1-0

[Event "Rethymno op 3rd"]
[Site "Rethymno"]
[Date "2011.07.13"]
[Round "4"]
[White "David, Alberto"]
[Black "Tsilidis, Alexandros"]
[Result "1-0"]
[WhiteElo "2609"]
[BlackElo "2278"]
[PlyCount "105"]
[EventDate "2011.07.11"]
[EventType "swiss"]
[EventRounds "9"]
[EventCountry "GRE"]
[SourceTitle "CBM 143 Extra"]
[Source "ChessBase"]
[SourceDate "2011.08.29"]
[SourceVersion "1"]
[SourceVersionDate "2011.08.29"]
[SourceQuality "1"]

1. e4 c5 2. Nf3 e6 3. d4 cxd4 4. Nxd4 Nf6 5. Nc3 d6 6. Be2 Nc6 7. 0-0 Be7 8. Be3 0-0 9. f4 e5 10. Nb3 exf4 11. Rxf4 Be6 12. Nd5 Bxd5 13. exd5 Ne5 14. a4 Nfd7 15. Rb4 b6 16. a5 Bg5 17. Bf2 Qf6 18. Ra3 Rab8 19. axb6 axb6 20. Nd4 g6 21. Nc6 Ra8 22. Qa1 Rxa3 23. Qxa3 Bd2 24. Rd4 Bg5 25. Bb5 h5 26. h3 Bf4 27. Rd1 Nc5 28. Re1 Bh2+ 29. Kxh2 Qxf2 30. Re2 Qf6 31. Nxe5 dxe5 32. Qc3 Qf4+ 33. g3 Qf1 34. Qxe5 Ra8 35. Qe8+ Kg7 36. Qxa8 h4 37. Qh8+ Kxh8 38. Re8+ Kg7 39. Bxf1 hxg3+ 40. Kxg3 f5 41. d6 Kf6 42. Bb5 Ne4+ 43. Rxe4 fxe4 44. Kf4 Ke6 45. d7 Ke7 46. Kxe4 g5 47. Kf5 g4 48. hxg4 Kd8 49. Kf6 Kc7 50. Ke7 Kb8 51. d8Q+ Kb7 52. c3 Ka7 53. Qc7+ 1-0

[Event "Rethymno op 3rd"]
[Site "Rethymno"]
[Date "2011.07.12"]
[Round "3"]
[White "Tsilidis, Alexandros"]
[Black "Kagas, Konstantinos"]
[Result "1-0"]
[WhiteElo "2278"]
[BlackElo "2045"]
[PlyCount "87"]
[EventDate "2011.07.11"]
[EventType "swiss"]
[EventRounds "9"]
[EventCountry "GRE"]
[SourceTitle "CBM 143 Extra"]
[Source "ChessBase"]
[SourceDate "2011.08.29"]
[SourceVersion "1"]
[SourceVersionDate "2011.08.29"]
[SourceQuality "1"]

1. c4 g6 2. Nc3 Bg7 3. g3 d6 4. Bg2 e5 5. e4 Ne7 6. Nge2 Be6 7. d3 Nbc6 8. 0-0 0-0 9. Be3 Qd7 10. Qd2 f5 11. Nd5 Kh8 12. Bh6 Ng8 13. Bxg7+ Kxg7 14. f4 Nd4 15. Nxd4 exd4 16. Qf2 c5 17. Rae1 Nh6 18. Bf3 fxe4 19. dxe4 Bh3 20. Bg2 Be6 21. Qd2 Ng4 22. Bf3 Bxd5 23. Bxg4 Qxg4 24. cxd5 Rae8 25. Qg2 Qd7 26. g4 Qe7 27. e5 dxe5 28. Rxe5 Qh4 29. d6 Rxe5 30. fxe5 Rxf1+ 31. Kxf1 Qg5 32. Qxb7+ Kh6 33. Qe4 Qc1+ 34. Kf2 Qxb2+ 35. Qe2 Qb6 36. d7 Qc7 37. e6 Qxh2+ 38. Kf3 Qh1+ 39. Kf4 Qd5 40. e7 Qd6+ 41. Kf3 Qf6+ 42. Kg2 Qc6+ 43. Qf3 Qxd7 44. Qf4+ 1-0

[Event "Heraklion op 5th"]
[Site "Heraklion"]
[Date "2009.08.23"]
[Round "2"]
[White "Tsilidis, Alexandros"]
[Black "Balomenakis, Haralambos"]
[Result "1-0"]
[WhiteElo "2312"]
[BlackElo "1876"]
[PlyCount "57"]
[EventDate "2009.08.22"]
[EventType "swiss"]
[EventRounds "9"]
[EventCountry "GRE"]
[SourceTitle "EXT 2010"]
[Source "ChessBase"]
[SourceDate "2010.11.25"]
[SourceVersion "1"]
[SourceVersionDate "2010.11.25"]
[SourceQuality "1"]

1. e4 c5 2. Nf3 e6 3. d4 cxd4 4. Nxd4 a6 5. Nc3 Qc7 6. Bd3 Nf6 7. 0-0 Be7 8. f4 d6 9. Nb3 0-0 10. a4 b6 11. Be3 Bb7 12. Qf3 d5 13. e5 Nfd7 14. Qh5 g6 15. Qh6 Rc8 16. Nd4 Bf8 17. Qh4 Bg7 18. Rf3 Nf8 19. Qf2 Nbd7 20. h4 f5 21. h5 Nc5 22. Rh3 Nfd7 23. Be2 Kf7 24. g4 Rg8 25. Kh2 Rge8 26. gxf5 gxf5 27. h6 Bf8 28. Bh5+ Kg8 29. Qg3+ 1-0

[Event "Heraklio op"]
[Site "Heraklion"]
[Date "2008.08.29"]
[Round "8"]
[White "Tsilidis, Alexandros"]
[Black "Papadakis, Michalis"]
[Result "1-0"]
[WhiteElo "2306"]
[BlackElo "2102"]
[PlyCount "117"]
[EventDate "2008.08.23"]
[EventType "swiss"]
[EventRounds "9"]
[EventCountry "GRE"]
[SourceTitle "CBM 126 Extra"]
[Source "ChessBase"]
[SourceDate "2008.11.05"]
[SourceVersion "1"]
[SourceVersionDate "2008.11.05"]
[SourceQuality "1"]

1. e4 c5 2. Nf3 d6 3. d4 cxd4 4. Nxd4 Nf6 5. Nc3 a6 6. Bc4 e6 7. 0-0 b5 8. Bb3 Be7 9. f4 0-0 10. e5 dxe5 11. fxe5 Bc5 12. Be3 Nd5 13. Nxd5 exd5 14. Qf3 Be6 15. Rad1 Nd7 16. Qg3 Qc7 17. Bf4 Kh8 18. c3 Qb6 19. Bc2 Bxd4+ 20. Rxd4 f5 21. Be3 Qc7 22. Qh3 g6 23. Rh4 Rf7 24. Bd4 Nf8 25. Rhf4 Kg8 26. Qh6 Qe7 27. b4 Nd7 28. h4 Raf8 29. a4 a5 30. bxa5 bxa4 31. Ra1 a3 32. Qg5 Qxg5 33. hxg5 Ra8 34. Rxa3 Nb8 35. Bd3 Nc6 36. a6 Bc8 37. Bb5 Na7 38. Bxa7 Raxa7 39. Rd4 Rfc7 40. Rxd5 Be6 41. Rd6 Kf7 42. Rc6 Rxc6 43. Bxc6 Bc4 44. Bb7 Ke6 45. Ra5 f4 46. Ra4 Bb5 47. Bc8+ Kd5 48. Ra5 Kc6 49. Rxb5 Kxb5 50. Bb7 Kb6 51. Kf2 Kc7 52. Kf3 Kd7 53. Kxf4 Ke6 54. Ke4 Ke7 55. Kd5 Kd7 56. e6+ Ke7 57. Ke5 Ke8 58. Kd6 h6 59. gxh6 1-0